Metallkunde für das Maschinenwesen. Band 1 : Aufbau und Eigenschaften metallischer Werkstoffe. Mit 249 Abbildungen /
Saved in:
| Main Author: | |
|---|---|
| Format: | Book |
| Language: | German |
| Published: |
Berlin :
Springer Verlag,
1988
|
| Subjects: | |
| Tags: |
No Tags, Be the first to tag this record!
|
MARC
| LEADER | 00000nam a22000003a 4500 | ||
|---|---|---|---|
| 001 | stu41876 | ||
| 005 | 20150617225719.2 | ||
| 008 | 940126s1988----gw------------------ger-d | ||
| 040 | |a STU |b slo | ||
| 041 | 0 | |a ger | |
| 044 | |a gw | ||
| 080 | |a 621 | ||
| 080 | |a 669.017 | ||
| 100 | 1 | |a Schmitt-Thomas, Karlheinz G |4 aut | |
| 245 | 1 | |a Metallkunde für das Maschinenwesen. Band 1 : |b Aufbau und Eigenschaften metallischer Werkstoffe. Mit 249 Abbildungen / |c [aut.]Karlheinz G. Schmitt-Thomas | |
| 260 | |a Berlin : |b Springer Verlag, |c 1988 | ||
| 300 | |a 254 s | ||
| 650 | 7 | |a kovy |2 stusub | |
| 650 | 7 | |a náuka |2 stusub | |
| 650 | 7 | |a strojárstvo |2 stusub | |
| 996 | |b 284M012774 |c M*5403/1-1 |l MMKN |s A |a 24 |w stu41876_0001 | ||